| Tag |
First Indicator |
Second Indicator |
Subfields |
| LEADER |
00000cam a2200000 i 4500 |
| 001 |
in00005632002 |
| 006 |
m o d |
| 007 |
cr bn||||uuuuu |
| 007 |
cr nn||||auauu |
| 008 |
860205s1883 deu o 000 0aeng d |
| 005 |
20250331200900.4 |
| 035 |
|
|
|a (OCoLC)ocm56754812
|
| 040 |
|
|
|a JHE
|b eng
|e pn
|c JHE
|d OCLCQ
|d OCLCG
|d QCL
|d ALSTP
|d OCLCQ
|d OCLCF
|d OCLCO
|d OCLCQ
|d OTZ
|d OCLCQ
|d OCL
|d OCLCQ
|d OCL
|d INARC
|d INT
|d OCLCQ
|d OCL
|d DLM
|d OCLCO
|d DLM
|d OCLCQ
|d OCLCO
|d OCLCL
|d OCLCQ
|
| 019 |
|
|
|a 62079390
|a 593572961
|a 759861916
|
| 035 |
|
|
|a (OCoLC)56754812
|z (OCoLC)62079390
|z (OCoLC)593572961
|z (OCoLC)759861916
|
| 043 |
|
|
|a n-us---
|
| 050 |
|
4 |
|a E591
|b .D93
|
| 082 |
0 |
4 |
|a 917.3
|q OCoLC
|
| 049 |
|
|
|a TXAM
|
| 100 |
1 |
|
|a Du Pont, Samuel Francis,
|d 1803-1865.
|1 https://id.oclc.org/worldcat/entity/E39PBJh4rqHFrrp7FMrwxXRFrq
|
| 245 |
1 |
0 |
|a Official dispatches and letters of Rear Admiral Du Pont, U.S. navy. 1856-48. 1861-63.
|
| 260 |
|
|
|a Wilmington, Del. :
|b Press of Ferris Bros., printers,
|c 1883.
|
| 300 |
|
|
|a 1 online resource (2 preliminary leaves, 531 pages)
|
| 336 |
|
|
|a text
|b txt
|2 rdacontent
|
| 337 |
|
|
|a computer
|b c
|2 rdamedia
|
| 338 |
|
|
|a online resource
|b cr
|2 rdacarrier
|
| 588 |
0 |
|
|a Print version record.
|
| 651 |
|
0 |
|a United States
|x History
|y Civil War, 1861-1865
|x Naval operations.
|
| 651 |
|
0 |
|a United States
|x History
|y War with Mexico, 1845-1848
|x Naval operations.
|
| 651 |
|
6 |
|a États-Unis
|x Histoire
|y 1861-1865 (Guerre de Sécession)
|x Opérations navales.
|
| 650 |
|
7 |
|a Military operations, Naval
|2 fast
|
| 650 |
|
7 |
|a Sea control
|2 fast
|
| 651 |
|
7 |
|a United States
|2 fast
|1 https://id.oclc.org/worldcat/entity/E39PBJtxgQXMWqmjMjjwXRHgrq
|
| 647 |
|
7 |
|a American Civil War
|c (United States :
|d 1861-1865)
|2 fast
|0 (OCoLC)fst01351658
|1 https://id.oclc.org/worldcat/entity/E39Qhp4vB9RxkMwD8h64CPrTGb
|
| 648 |
|
7 |
|a 1845-1865
|2 fast
|
| 655 |
|
7 |
|a Electronic books.
|2 local
|
| 655 |
|
7 |
|a History
|2 fast
|
| 710 |
2 |
|
|a Alexander Street (Firm)
|
| 710 |
2 |
|
|a Ferris Brothers (Wilmington, Del.),
|e publisher.
|
| 730 |
0 |
|
|a American Civil War, letters and diaries.
|
| 758 |
|
|
|i has work:
|a Official dispatches and letters of Rear Admiral Du Pont, U.S. Navy (Text)
|1 https://id.oclc.org/worldcat/entity/E39PCFrpb89pXWjfPXcXgxMJTb
|4 https://id.oclc.org/worldcat/ontology/hasWork
|
| 776 |
0 |
8 |
|i Print version:
|a Du Pont, Samuel Francis, 1803-1865.
|t Official dispatches and letters of Rear Admiral Du Pont, U.S. navy. 1856-48. 1861-63.
|d Wilmington, Del. : Press of Ferris Bros., printers, 1883
|w (DLC)a 18000568
|
| 830 |
|
0 |
|a American Civil War, letters and diaries.
|
| 856 |
4 |
0 |
|u http://proxy.library.tamu.edu/login?url=https://www.aspresolver.com/aspresolver.asp?CWLD;S1481;parent
|z Connect to the full text of this electronic book
|t 0
|
| 936 |
|
|
|a BATCHLOAD
|
| 955 |
|
|
|a Alexander Street - The American Civil War Letters and Diaries
|
| 994 |
|
|
|a 92
|b TXA
|
| 999 |
f |
f |
|s 860ac535-b496-4ceb-bc87-b45a0d395893
|i 77e18141-754a-4fcb-827e-164bc8e9f695
|t 0
|
| 952 |
f |
f |
|a Texas A&M University
|b College Station
|c Electronic Resources
|d Available Online
|t 0
|e E591 .D93
|h Library of Congress classification
|
| 998 |
f |
f |
|a E591 .D93
|t 0
|l Available Online
|